Bodas de oro 1897 - 1947 : 50 aniversario de la Fundación del Colegio de Huérfanos de San Julián de Vilatorta 50 aniversario de la Fundación del Colegio de Huérfanos de San Julián de Vilatorta
Descripción Física:
[28] p. : fot. ; 21 cm
Otros Autores:
Colegio de Huérfanos de San Julián de Vilatorta
MARC
| LEADER | 00000nam a2200000Ia 4500 | ||
|---|---|---|---|
| 001 | 19623 | ||
| 008 | 160829s1947 xx 000 0 cat d | ||
| 080 | |a FU-9-45 | ||
| 245 | |a Bodas de oro 1897 - 1947 : |b 50 aniversario de la Fundación del Colegio de Huérfanos de San Julián de Vilatorta | ||
| 260 | |a San Julián de Vilatorta : |b Talleres Gráficos M. Fabregat, |c 1947 | ||
| 300 | |a [28] p. : |b fot. ; |c 21 cm | ||
| 590 | |a Prové de J-1617, exp. 1 | ||
| 650 | |a Colegio de Huérfanos de San Julián de Vilatorta |9 47264 | ||
| 700 | |a Colegio de Huérfanos de San Julián de Vilatorta |9 47264 | ||
| 856 | 4 | |u https://media.diba.cat/diba/fitxers/arxiu/fulletons/bib_19623_1947_baixa.pdf |y Accés lliure | |
| 856 | 4 | |u https://media.diba.cat/diba/fitxers/arxiu/fulletons/bib_19623_1947_baixa.pdf |y Accés lliure | |
| 901 | |a Arxiu | ||
| 942 | |n 1 |2 udc | ||
| 952 | |0 0 |1 0 |4 0 |6 FU945 |7 1 |9 53787 |a Arxiu |b Arxiu |d 2016-12-01 |l 0 |o FU-9-45 |p 19623 |r 2016-12-01 00:00:00 |w 2016-12-01 |y ARXIU | ||
| 999 | |c 57653 |d 57653 | ||
| 900 | |a bib_19623_1947_baixa.pdf | ||